Traité médico-chirurgical des maladies del'estomac et del'esophage / (Record no. 100866)

MARC details
000 -LEADER
campo de control de longitud fija 00851nam a2200241 i 4500
001 - NÚMERO DE CONTROL
campo de control 100866
003 - IDENTIFICADOR DE NÚMERO DE CONTROL
campo de control ES-MaACL
005 - FECHA Y HORA DE LA ÚLTIMA TRANSACCIÓN
campo de control 20260217063013.0
007 - CAMPO FIJO DE DESCRIPCIÓN FÍSICA--INFORMACIÓN GENERAL
campo de control de longitud fija t|
008 - DATOS DE LONGITUD FIJA--INFORMACIÓN GENERAL
campo de control de longitud fija 051006s1913 fr ||||1| fre d
100 1# - ENTRADA PRINCIPAL--NOMBRE DE PERSONA
Nombre de persona Mathieu, Albert
9 (RLIN) 79042
245 10 - MENCIÓN DEL TÍTULO
Título Traité médico-chirurgical des maladies del'estomac et del'esophage /
Mención de responsabilidad, etc. par M. M. Albert Mathieu, L. Lencert, Th. Tuffier; avec la collaboration de M. M. J.-Ch Roux, J. E.Roux-Berger, F. Montier.
260 ## - PUBLICACIÓN, DISTRIBUCIÓN, ETC.
Lugar de publicación, distribución, etc. Paris :
Nombre del editor, distribuidor, etc. Lahure,
Fecha de publicación, distribución, etc. 1913.
300 ## - DESCRIPCIÓN FÍSICA
Extensión 934 p. ;
Dimensiones 25 cm.
650 04 - PUNTO DE ACCESO ADICIONAL DE MATERIA--TÉRMINO DE MATERIA
Término de materia o nombre geográfico como elemento de entrada Aparato digestivo-
Subdivisión general Enfermedades.
9 (RLIN) 9906
700 1# - ENTRADA AGREGADA--NOMBRE PERSONAL
Nombre de persona Lencert, L.
9 (RLIN) 71509
700 1# - ENTRADA AGREGADA--NOMBRE PERSONAL
Nombre de persona Tuffier, Théodore.
9 (RLIN) 111649
700 1# - ENTRADA AGREGADA--NOMBRE PERSONAL
Nombre de persona Roux, Jean Charles.
9 (RLIN) 100110
700 1# - ENTRADA AGREGADA--NOMBRE PERSONAL
Nombre de persona Roux-Berger, J. E.
9 (RLIN) 100116
700 1# - ENTRADA AGREGADA--NOMBRE PERSONAL
Nombre de persona Montier, F.
9 (RLIN) 82655
852 ## - LOCALIZACIÓN
Ubicación ES-MaACL
Número de control de estantería B-11536
Holdings
Estatus retirado Estado de pérdida Estado de daño No para préstamo Biblioteca de origen Biblioteca actual Ubicación en estantería Fecha de adquisición Fuente de adquisición Total de préstamos Signatura topográfica completa Código de barras Visto por última vez Precio de reemplazo Tipo de ítem Koha
        Biblioteca del Ateneo de Madrid Biblioteca del Ateneo de Madrid Sala Pardo Bazán 17/01/2008     B-11536 1105310 23/02/2023 23/02/2023 Libro impreso